000 01405cab a2200193 4500
001 ##L131768
008 051207n2005 000 0 eng u
035 _a(Sirsi) u131768
041 0 _aeng
245 0 4 _aThe Queen on the Application of Sinclair Investments (Kensington) Limited (Appellant) v The Lands Tribunal (Respondent), Manuela Da Graca (1st Interested Party), Timothy O'Keefe (2nd Interested Party)
260 _c2005
520 _a[2005] EWCA Civ 1305, 8 November 2005. Considers whether the Lands Tribunal Act 1949 s3(4) prevents an application for judicial review. S appealed against an earlier decision to refuse its application for judicial review, on the grounds that s3(4) did not allow for an appeal to CA and that there were no exceptional circumstances, of the LT's refusal to permit an appeal from a Leasehold Valuation Tribunal (LVT) determination. "Held": the appeal was dismissed as the LTs refusal could not be appealed to CA under s3(4) and the circumstances were not exceptional.
590 _aIKA061205
650 2 4 _aR V LANDS TRIBUNAL AND OTHERS EX P SINCLAIR INVESTMENTS (KENSINGTON) LTD
650 2 4 _aR V WANDWORTH COUNTY COURT AND OTHERS EX P SIVASUBRAMANIAM
690 _aMANAGEMENT-DISPUTE AVOIDANCE, MANAGEMENT AND RESOLUTION
856 4 0 _uhttps://www.bailii.org/ew/cases/EWCA/Civ/2005/1305.html
_zView the judgment free of charge at www.bailii.org
942 _n0
999 _c76268
_d76268